[Event "Bundesliga 2324"]
[Site "Germany"]
[Date "2024.02.24"]
[Round "10.1"]
[White "Stevic, Hrvoje"]
[Black "Dragnev, Valentin"]
[Result "1/2-1/2"]
[WhiteElo "2549"]
[BlackElo "2586"]
[PlyCount "45"]
[EventDate "2023.10.21"]
[EventType "team-tourn"]
[EventRounds "15"]
[EventCountry "GER"]
[SourceTitle "CB09_2024"]
[SourceDate "2024.02.28"]
[SourceVersion "1"]
[SourceVersionDate "2024.02.28"]
[SourceQuality "1"]
[WhiteTeam "Kirchweyhe"]
[BlackTeam "Bayern Muenchen"]
[WhiteTeamCountry "GER"]
[BlackTeamCountry "GER"]

1. e4 e5 2. Nf3 Nf6 3. Nc3 Nc6 4. d4 exd4 5. Nxd4 Bb4 6. Nxc6 bxc6 7. Bd3 d5 8. Bd2 0-0 9. 0-0 Bxc3 10. Bxc3 dxe4 11. Bxf6 Qxf6 12. Bxe4 Qxb2 13. Bxc6 Rb8 14. Rb1 Qxb1 15. Qxb1 Rxb1 16. Rxb1 Rd8 17. Kf1 Kf8 18. Rb3 Be6 19. Ra3 Rd2 20. Be4 Bc4+ 21. Bd3 Rxc2 22. Bxc4 Rxc4 23. Ke2 1/2-1/2

[Event "Bundesliga 2324"]
[Site "Germany"]
[Date "2024.02.23"]
[Round "9.1"]
[White "Stevic, Hrvoje"]
[Black "Efimenko, Zahar"]
[Result "1/2-1/2"]
[WhiteElo "2549"]
[BlackElo "2575"]
[PlyCount "56"]
[EventDate "2023.10.21"]
[EventType "team-tourn"]
[EventRounds "15"]
[EventCountry "GER"]
[SourceTitle "CB09_2024"]
[SourceDate "2024.02.28"]
[SourceVersion "1"]
[SourceVersionDate "2024.02.28"]
[SourceQuality "1"]
[WhiteTeam "Kirchweyhe"]
[BlackTeam "Werder Bremen"]
[WhiteTeamCountry "GER"]
[BlackTeamCountry "GER"]

1. e4 e5 2. Nf3 Nc6 3. Nc3 Nf6 4. Bb5 Bd6 5. d3 0-0 6. 0-0 Nd4 7. Nxd4 exd4 8. Ne2 c6 9. Bc4 Bc7 10. Bf4 Bxf4 11. Nxf4 b5 12. Bb3 d6 13. c3 dxc3 14. bxc3 a5 15. a3 Re8 16. Re1 Qc7 17. Qd2 Bb7 18. c4 bxc4 19. Bxc4 d5 20. exd5 Rxe1+ 21. Rxe1 cxd5 22. Bb5 Qd6 23. a4 h6 24. Ne2 Bc6 25. Rb1 Bxb5 26. Rxb5 Qa3 27. Qc2 Qa1+ 28. Rb1 Qe5 1/2-1/2

[Event "Bundesliga 2324"]
[Site "Germany"]
[Date "2024.02.04"]
[Round "8.5"]
[White "Stevic, Hrvoje"]
[Black "Kraus, Tomas"]
[Result "1/2-1/2"]
[WhiteElo "2549"]
[BlackElo "2491"]
[PlyCount "124"]
[EventDate "2023.10.21"]
[EventType "team-tourn"]
[EventRounds "15"]
[EventCountry "GER"]
[SourceTitle "CB06_2024"]
[SourceDate "2024.02.07"]
[SourceVersion "1"]
[SourceVersionDate "2024.02.07"]
[SourceQuality "1"]
[WhiteTeam "Kirchweyhe"]
[BlackTeam "Heimbach Weis Neuwied"]
[WhiteTeamCountry "GER"]
[BlackTeamCountry "GER"]

1. e4 d6 2. d4 Nf6 3. Nc3 e5 4. dxe5 dxe5 5. Qxd8+ Kxd8 6. Bc4 Bb4 7. Bxf7 Rf8 8. Bb3 Nxe4 9. Nge2 Nc5 10. Bc4 Be6 11. Bxe6 Nxe6 12. Bd2 Nd7 13. f3 Ke8 14. 0-0-0 Rd8 15. Rhe1 Kf7 16. Ne4 Bxd2+ 17. Rxd2 Nf6 18. N2c3 Nxe4 19. Nxe4 Rfe8 20. Rxd8 Rxd8 21. Nf2 Nf4 22. g3 Ng6 23. Nd3 Rd5 24. Kd2 Kf6 25. c4 Rd6 26. Kc3 b6 27. b4 Re6 28. a4 Ne7 29. b5 c5 30. Nf2 h5 31. Ne4+ Kg6 32. Rd1 Nf5 33. Rd7 Re7 34. Rxe7 Nxe7 35. a5 Kf5 36. a6 g5 37. Kd3 g4 38. Ke3 Ke6 39. Kf2 Nc8 40. Kg2 Ne7 41. h4 gxf3+ 42. Kxf3 Kf5 43. Nd6+ Ke6 44. Nb7 Kf5 45. Nd8 e4+ 46. Ke3 Kg4 47. Nc6 Nc8 48. Kxe4 Kxg3 49. Ke5 Kxh4 50. Ke6 Kg3 51. Kd7 h4 52. Kxc8 h3 53. Nxa7 h2 54. Nc6 h1Q 55. a7 Qh8+ 56. Kb7 Qg7+ 57. Kxb6 Qf8 58. Kb7 Qf7+ 59. Ka6 Qg8 60. Kb6 Qf8 61. Nb8 Qf6+ 62. Nc6 Qf8 1/2-1/2

[Event "EU-ch Blitz"]
[Site "Zagreb"]
[Date "2023.12.16"]
[Round "9"]
[White "Stevic, Hrvoje"]
[Black "Mrdja, Milan"]
[Result "1-0"]
[WhiteElo "2541"]
[BlackElo "2136"]
[PlyCount "34"]
[EventDate "2023.12.16"]
[EventType "swiss (blitz)"]
[EventRounds "13"]
[EventCountry "CRO"]
[SourceTitle "CB51_2023"]
[SourceDate "2023.12.20"]
[SourceVersion "1"]
[SourceVersionDate "2023.12.20"]
[SourceQuality "1"]

1. e4 e6 2. d4 d5 3. e5 c5 4. c3 Nc6 5. Nf3 cxd4 6. cxd4 Nge7 7. Na3 Nf5 8. Nc2 Bd7 9. Bd3 Qb6 10. 0-0 Rc8 11. Kh1 Be7 12. g4 Nh4 13. Nxh4 Bxh4 14. g5 h6 15. Qh5 Nxd4 16. Be3 Rxc2 17. Qxh4 Qd8 1-0

[Event "EU-ch Rapid"]
[Site "Zagreb"]
[Date "2023.12.14"]
[Round "2"]
[White "Unuk, Laura"]
[Black "Stevic, Hrvoje"]
[Result "0-1"]
[WhiteElo "2345"]
[BlackElo "2541"]
[PlyCount "96"]
[EventDate "2023.12.14"]
[EventType "swiss (rapid)"]
[EventRounds "11"]
[EventCountry "CRO"]
[SourceTitle "CB51_2023"]
[SourceDate "2023.12.20"]
[SourceVersion "1"]
[SourceVersionDate "2023.12.20"]
[SourceQuality "1"]

1. c4 e5 2. g3 Nc6 3. Bg2 g6 4. Nc3 Bg7 5. Nf3 Nf6 6. 0-0 0-0 7. e4 d6 8. h3 Nd7 9. d3 Nc5 10. Bg5 f6 11. Be3 Ne6 12. Nd5 Ncd4 13. Nxd4 Nxd4 14. f4 c6 15. Nc3 f5 16. exf5 gxf5 17. Qd2 Be6 18. Rae1 Qd7 19. Qf2 Bf6 20. c5 dxc5 21. fxe5 Bxe5 22. Bh6 Bg7 23. Bxg7 Qxg7 24. Na4 b6 25. Nc3 Rae8 26. Kh2 Bd7 27. Qf4 Re7 28. Rxe7 Qxe7 29. b4 Ne6 30. Qe5 cxb4 31. Ne2 Qc5 32. Qb2 Rf7 33. Nf4 Nxf4 34. Rxf4 a5 35. Qd2 Qd6 36. Qf2 c5 37. Qf3 Be6 38. Rh4 Bxa2 39. Qa8+ Kg7 40. Rh5 h6 41. Qf3 Be6 42. Rh4 b3 43. Qe2 Rf6 44. Qb2 Qxd3 45. Rxh6 Qd4 46. Qc1 Rxh6 47. Qg5+ Rg6 48. Qe7+ Bf7 0-1

[Event "BIH-chT 21st"]
[Site "Sarajevo"]
[Date "2023.11.01"]
[Round "2.1"]
[White "Stevic, Hrvoje"]
[Black "Kadric, Denis"]
[Result "1/2-1/2"]
[WhiteElo "2549"]
[BlackElo "2584"]
[PlyCount "47"]
[EventDate "2023.10.31"]
[EventType "team-tourn"]
[EventRounds "9"]
[EventCountry "BIH"]
[SourceTitle "Mega2024 Update 01"]
[Source "Chessbase"]
[SourceDate "2023.11.12"]
[SourceVersion "1"]
[SourceVersionDate "2023.11.12"]
[SourceQuality "1"]
[WhiteTeam "Sarajevo Napredak"]
[BlackTeam "Sarajevo SK"]
[WhiteTeamCountry "BIH"]
[BlackTeamCountry "BIH"]

1. e4 e5 2. Nf3 Nf6 3. Nxe5 d6 4. Nf3 Nxe4 5. d4 d5 6. Bd3 Bd6 7. 0-0 0-0 8. Re1 Bf5 9. Nc3 Nxc3 10. bxc3 Bxd3 11. Qxd3 Nd7 12. c4 dxc4 13. Qxc4 c5 14. Rb1 Nb6 15. Qd3 Re8 16. Be3 cxd4 17. Bxd4 Rxe1+ 18. Rxe1 Bf8 19. h4 h6 20. Ne5 Qxh4 21. Nxf7 Kxf7 22. Qb3+ Kg6 23. Qd3+ Kf7 24. Qb3+ 1/2-1/2

[Event "CRO-chT1A 31st"]
[Site "Veli Losinj"]
[Date "2023.10.15"]
[Round "5.2"]
[White "Stevic, Hrvoje"]
[Black "Bernadskiy, Vitaliy"]
[Result "1/2-1/2"]
[WhiteElo "2549"]
[BlackElo "2524"]
[PlyCount "21"]
[EventDate "2023.10.11"]
[EventType "team-tourn"]
[EventRounds "7"]
[EventCountry "CRO"]
[SourceTitle "Mega2024 Update 01"]
[Source "Chessbase"]
[SourceDate "2023.11.12"]
[SourceVersion "1"]
[SourceVersionDate "2023.11.12"]
[SourceQuality "1"]
[WhiteTeam "Zagreb Zagreb"]
[BlackTeam "Kastel Novi"]
[WhiteTeamCountry "CRO"]
[BlackTeamCountry "CRO"]

1. e4 e5 2. Nf3 Nc6 3. Nc3 Nf6 4. d4 exd4 5. Nxd4 Bb4 6. Nxc6 bxc6 7. Bd3 0-0 8. 0-0 d5 9. exd5 cxd5 10. h3 c6 11. Qf3 1/2-1/2

[Event "HUN-ch Rapid"]
[Site "Ajka"]
[Date "2023.07.23"]
[Round "11"]
[White "Stevic, Hrvoje"]
[Black "Babula, Vlastimil1111"]
[Result "0-1"]
[WhiteElo "2549"]
[BlackElo "2302"]
[PlyCount "108"]
[EventDate "2023.07.21"]
[EventType "swiss (rapid)"]
[EventRounds "13"]
[EventCountry "HUN"]
[SourceTitle "CBM 215 Extra"]
[Source "ChessBase"]
[SourceDate "2023.09.30"]
[SourceVersion "1"]
[SourceVersionDate "2023.09.30"]
[SourceQuality "1"]

1. e4 c5 2. c3 d5 3. exd5 Qxd5 4. d4 Nf6 5. Nf3 Bg4 6. dxc5 Qxc5 7. Be3 Qc7 8. h3 Bd7 9. Na3 Nc6 10. Nb5 Qd8 11. Bf4 Rc8 12. Qe2 e6 13. 0-0-0 a6 14. Nd6+ Bxd6 15. Bxd6 Qa5 16. Kb1 Ne7 17. Ne5 Ba4 18. Rd2 Ned5 19. Nc4 Qd8 20. Ba3 Bb5 21. Rd4 Rxc4 22. Rxc4 Nb6 23. Rd4 Qxd4 24. Qxb5+ axb5 25. cxd4 Nc4 26. Bxc4 bxc4 27. Rc1 b5 28. b3 Kd7 29. bxc4 Ra8 30. Bc5 bxc4 31. Rxc4 Nd5 32. g3 g5 33. Kb2 h5 34. a4 h4 35. gxh4 gxh4 36. Ka3 Rg8 37. a5 Rg1 38. Kb2 Nc7 39. Bb6 Na6 40. d5 exd5 41. Rxh4 Kc6 42. Rf4 Rh1 43. h4 Rh3 44. Bd8 Nc5 45. Rxf7 Kb5 46. Rf5 Kc4 47. Be7 Rb3+ 48. Kc2 Ra3 49. h5 Ra2+ 50. Kb1 Rxa5 51. h6 Ne4 52. h7 Nc3+ 53. Kc2 Ra2+ 54. Kc1 Kb3 0-1

[Event "HUN-ch Rapid"]
[Site "Ajka"]
[Date "2023.07.23"]
[Round "13"]
[White "Stevic, Hrvoje"]
[Black "Csonka, Balazs"]
[Result "1-0"]
[WhiteElo "2549"]
[BlackElo "2497"]
[PlyCount "79"]
[EventDate "2023.07.21"]
[EventType "swiss (rapid)"]
[EventRounds "13"]
[EventCountry "HUN"]
[SourceTitle "CBM 215 Extra"]
[Source "ChessBase"]
[SourceDate "2023.09.30"]
[SourceVersion "1"]
[SourceVersionDate "2023.09.30"]
[SourceQuality "1"]

1. e4 e5 2. Nf3 Nc6 3. d4 exd4 4. Nxd4 Nf6 5. Nxc6 bxc6 6. e5 Qe7 7. Qe2 Nd5 8. h4 Qe6 9. Nd2 Nb4 10. Nf3 Ba6 11. c4 Qg6 12. h5 Qc2 13. Nd4 Qxe2+ 14. Bxe2 c5 15. a3 cxd4 16. axb4 Bxb4+ 17. Bd2 Bxd2+ 18. Kxd2 Bb7 19. Rh4 c5 20. Ra5 Rc8 21. Rxa7 Rb8 22. b4 cxb4 23. Rxd4 b3 24. Bg4 0-0 25. Kc1 Bxg2 26. Kb2 Bc6 27. Bxd7 Bxd7 28. Rdxd7 Rb6 29. c5 Re6 30. f4 g5 31. hxg6 hxg6 32. Kxb3 g5 33. fxg5 Rxe5 34. c6 Rc5 35. c7 Kg7 36. g6 Rh8 37. gxf7 Rf8 38. Ra4 Rxf7 39. Rxf7+ Kxf7 40. Rc4 1-0

[Event "CRO Cup"]
[Site "Mali Losinj"]
[Date "2023.05.12"]
[Round "4.1"]
[White "Saric, Ivan"]
[Black "Stevic, Hrvoje"]
[Result "1/2-1/2"]
[WhiteElo "2667"]
[BlackElo "2540"]
[PlyCount "48"]
[EventDate "2023.05.10"]
[EventType "team-swiss"]
[EventRounds "6"]
[EventCountry "CRO"]
[SourceTitle "CBM 214 Extra"]
[Source "ChessBase"]
[SourceDate "2023.07.31"]
[SourceVersion "1"]
[SourceVersionDate "2023.07.31"]
[SourceQuality "1"]
[WhiteTeam "Rijeka Liburnija"]
[BlackTeam "Zagreb CC"]
[WhiteTeamCountry "CRO"]
[BlackTeamCountry "CRO"]

1. e4 d5 2. exd5 Qxd5 3. Nc3 Qa5 4. d4 Nf6 5. Nf3 Bf5 6. Bd2 e6 7. Bc4 Bb4 8. a3 Bxc3 9. Bxc3 Qb6 10. 0-0 Nc6 11. a4 a5 12. Ne5 0-0 13. Nxc6 Qxc6 14. Bb5 Qd6 15. b3 Rfd8 16. Qc1 Nd5 17. Bd2 c5 18. dxc5 Qxc5 19. c3 Rac8 20. Qb2 Qd6 21. Rfe1 Nb4 22. Bg5 Nc2 23. Bxd8 Rxd8 24. h3 Nxa1 1/2-1/2

[Event "CRO Cup"]
[Site "Mali Losinj"]
[Date "2023.05.11"]
[Round "3.2"]
[White "Stevic, Hrvoje"]
[Black "Livaic, Leon"]
[Result "1/2-1/2"]
[WhiteElo "2540"]
[BlackElo "2579"]
[PlyCount "72"]
[EventDate "2023.05.10"]
[EventType "team-swiss"]
[EventRounds "6"]
[EventCountry "CRO"]
[SourceTitle "CBM 214 Extra"]
[Source "ChessBase"]
[SourceDate "2023.07.31"]
[SourceVersion "1"]
[SourceVersionDate "2023.07.31"]
[SourceQuality "1"]
[WhiteTeam "Zagreb CC"]
[BlackTeam "Zagreb Mladost"]
[WhiteTeamCountry "CRO"]
[BlackTeamCountry "CRO"]

1. e4 c6 2. Nc3 d5 3. Nf3 Bg4 4. h3 Bxf3 5. Qxf3 e6 6. Be2 Nf6 7. 0-0 d4 8. Nb1 Nbd7 9. d3 Bd6 10. Nd2 Bc7 11. h4 h5 12. Qh3 Ng4 13. g3 Ndf6 14. Re1 e5 15. Nf1 Ba5 16. Rd1 Bb6 17. Nh2 Qd7 18. Kg2 a5 19. f3 Nxh2 20. Kxh2 a4 21. Qxd7+ Nxd7 22. f4 Ke7 23. Rf1 f6 24. Kh3 Bc7 25. Bd2 Ba5 26. b4 axb3 27. Bxa5 Rxa5 28. axb3 Rxa1 29. Rxa1 Kd6 30. f5 Nc5 31. Kg2 Na6 32. Kf2 Kc5 33. Ke1 Nc7 34. Kd2 Nb5 35. Bf3 Kd6 36. Kc1 Kc5 1/2-1/2

[Event "GER CupT"]
[Site "Germany"]
[Date "2023.03.11"]
[Round "3.2"]
[White "Stevic, Hrvoje"]
[Black "Langrock, Hannes"]
[Result "1/2-1/2"]
[WhiteElo "2550"]
[BlackElo "2357"]
[PlyCount "75"]
[EventDate "2023.01.28"]
[EventType "team-k.o."]
[EventRounds "4"]
[EventCountry "GER"]
[SourceTitle "EXT 2024"]
[Source "ChessBase"]
[SourceDate "2023.10.10"]
[SourceVersion "1"]
[SourceVersionDate "2023.10.10"]
[SourceQuality "1"]
[WhiteTeam "Kirchweyhe"]
[BlackTeam "Nickelhuette Aue"]
[WhiteTeamCountry "GER"]
[BlackTeamCountry "GER"]

1. e4 c5 2. c3 Nf6 3. e5 Nd5 4. Nf3 e6 5. Bc4 d6 6. d4 cxd4 7. cxd4 Be7 8. 0-0 0-0 9. Qe2 b6 10. Rd1 Bb7 11. Bxd5 exd5 12. Nc3 Na6 13. e6 Nc7 14. exf7+ Rxf7 15. Be3 Bc8 16. Ne1 Qd7 17. Rac1 h6 18. Qc2 Qf5 19. Ne2 Bf8 20. Nf4 g5 21. Nfd3 a5 22. Qb3 b5 23. Rc6 Ba6 24. Qc2 Ne6 25. b4 a4 26. Nc1 Qf6 27. Ne2 Bb7 28. Rc3 Qf5 29. Qxf5 Rxf5 30. Nc2 Ra6 31. Na3 Bc6 32. Rc2 Rf7 33. Rdc1 Bd7 34. Nc3 Nc7 35. Ne2 Na8 36. Nc3 Nc7 37. Ne2 Na8 38. Nc3 1/2-1/2

[Event "HUN-chT 2223"]
[Site "Hungary"]
[Date "2022.12.18"]
[Round "3.2"]
[White "Papp, Gabor"]
[Black "Stevic, Hrvoje"]
[Result "1/2-1/2"]
[WhiteElo "2564"]
[BlackElo "2543"]
[PlyCount "79"]
[EventDate "2022.11.20"]
[EventType "team-tourn"]
[EventRounds "9"]
[EventCountry "HUN"]
[SourceTitle "CBM 213 Extra"]
[Source "ChessBase"]
[SourceDate "2023.05.31"]
[SourceVersion "1"]
[SourceVersionDate "2023.05.31"]
[SourceQuality "1"]
[WhiteTeam "Paks"]
[BlackTeam "Dunaharaszti"]
[WhiteTeamCountry "HUN"]
[BlackTeamCountry "HUN"]

1. e4 e5 2. Nf3 Nc6 3. Bc4 Nf6 4. d3 h6 5. 0-0 d6 6. c3 g5 7. Nbd2 Bg7 8. h3 0-0 9. Re1 Ne7 10. Nf1 Ng6 11. d4 exd4 12. Qxd4 c6 13. Bb3 d5 14. exd5 Nxd5 15. Qd3 Ndf4 16. Qxd8 Rxd8 17. Bxf4 Nxf4 18. Ng3 Be6 19. Bxe6 Nxe6 20. Rad1 Rxd1 21. Rxd1 Rd8 22. Rxd8+ Nxd8 23. Nf5 Ne6 24. Ne1 Bf8 25. Nd3 h5 26. g4 hxg4 27. hxg4 f6 28. Kg2 Kf7 29. Kf3 Nc7 30. Ke4 Ne8 31. c4 Ke6 32. b3 Nc7 33. Nd4+ Kf7 34. a4 a5 35. Nf5 Ne6 36. f3 Nc7 37. Ke3 Ne6 38. Ke4 Nc7 39. Nd4 Be7 40. Nf5 1/2-1/2